2013 WBC Semi-Finalist Japan Team - Statistics

General Stats
  • This quiz has been taken 14 times
  • The average score is 20 of 29
Answer Stats
# Pos. Player Team % Correct
41 OF Atsunori Inaba Nippon Ham Fighters
90%
6 SS Hayato Sakamoto Yomiuri Giants
90%
11 P Hideaki Wakui Seibu Lions
90%
3 2B Hirokazu Ibata Chunichi Dragons
90%
5 3B Nobuhiro Matsuda Softbank Hawks
90%
10 C Shinnosuke Abe Yomiuri Giants
90%
1 SS Takashi Toritani Hanshin Tigers
90%
27 C Ginjiro Sumitani Seibu Lions
80%
20 P Kenta Maeda Hiroshima Carp
80%
17 P Masahiro Tanaka Rakuten Golden Eagles
80%
24 OF Seiichi Uchikawa Softbank Hawks
80%
26 P Tetsuya Utsumi Yomiuri Giants
80%
47 P Tetsuya Yamaguchi Yomiuri Giants
80%
14 P Atsushi Nomi Hanshin Tigers
70%
7 SS Kazuo Matsui Rakuten Golden Eagles
70%
2 C Ryoji Aikawa Yakult Swallows
70%
18 P Toshiya Sugiuchi Yomiuri Giants
70%
9 OF Yoshio Itoi Orix Buffaloes
70%
34 OF Hisayoshi Chono Yomiuri Giants
60%
35 P Kazuhisa Makita Seibu Lions
60%
Mng Koji Yamamoto
60%
50 P Tadashi Settsu Softbank Hawks
60%
46 2B Yuichi Honda Softbank Hawks
60%
61 OF Katsuya Kakunaka Chiba Lotte Marines
50%
15 P Hirokazu Sawamura Yomiuri Giants
40%
13 OF Sho Nakata Nippon Ham Fighters
40%
16 P Takeru Imamura Hiroshima Carp
40%
28 P Kenji Otonari Softbank Hawks
30%
21 P Masahiko Morifuku Softbank Hawks
30%
No matching quizzes found
Score Distribution
Percent of People with Each Score
Percentile by Number Answered
Your Score History
You have not taken this quiz